Statistics for Countries of the World by Population Growth

Click here to take the quiz!

General Stats

  • This quiz has been taken 21 times
  • The average score is 11 of 15

Answer Stats

HintAnswer% Correct
3.66%Niger
95%
3.13%Democratic Republic of the Congo
89%
3.34%Angola
84%
3.05%Chad
84%
2.93%Mali
84%
3.59%Burundi
79%
2.73%Cameroon
74%
2.75%Guinea
74%
3.22%Uganda
74%
2.86%Zambia
74%
2.75%Tanzania
68%
4.78%South Sudan
63%
3.31%Benin
58%
3.36%Equatorial Guinea
47%
6.39%Syria
37%

Score Distribution

Percentile by Number Answered

Percent of People with Each Score

Your Score History

You have not taken this quiz